MAASAI MARA UNIVERSITY

LIBRARY CATALOGUE

Contact Us: +254 020 2685356/7 or 0774 057787

Box: 861-20500, NAROK, KENYA

Email: info@mmarau.ac.ke

Dolls And Dungarees: (Record no. 18357)

MARC details
000 -LEADER
fixed length control field 00583nam a22002057a 4500
003 - CONTROL NUMBER IDENTIFIER
control field OSt
005 - DATE AND TIME OF LATEST TRANSACTION
control field 20170518100843.0
008 - FIXED-LENGTH DATA ELEMENTS--GENERAL INFORMATION
fixed length control field 160722b xxu||||| |||| 00| 0 eng d
020 ## - INTERNATIONAL STANDARD BOOK NUMBER
International Standard Book Number 033509287-x
040 ## - CATALOGING SOURCE
Original cataloging agency mmu
Language of cataloging eng
Transcribing agency mmu
Modifying agency mmu
050 ## - LIBRARY OF CONGRESS CALL NUMBER
Classification number LC212.83
Item number .G72E543 1990
100 ## - MAIN ENTRY--PERSONAL NAME
Personal name Deem, Rosemary
245 ## - TITLE STATEMENT
Title Dolls And Dungarees:
Remainder of title Gender issues in the primary school cirriculum/
Statement of responsibility, etc. Rosemary Deem
260 ## - PUBLICATION, DISTRIBUTION, ETC. (IMPRINT)
Place of publication, distribution, etc. USA
Name of publisher, distributor, etc. Open University Press
Date of publication, distribution, etc. 1990
300 ## - PHYSICAL DESCRIPTION
Extent xii,114p
500 ## - GENERAL NOTE
General note includes index
650 ## - SUBJECT ADDED ENTRY--TOPICAL TERM
Source of heading or term Gender issues
700 ## - ADDED ENTRY--PERSONAL NAME
Personal name Gaby Weiner
942 ## - ADDED ENTRY ELEMENTS (KOHA)
Source of classification or shelving scheme Library of Congress Classification
Koha item type SL

No items available.

© 2016 Maasai Mara University.